000
00305nam a2200121Ia 4500
008
150731s2014 xx 000 0 und d
082
_a
617.041
_b
A 14 D
100
_a
DUNGHAV, MANISHA
245
_a
ASTANGAHRIDAYA (MCQ-SON)
260
_b
CHAUKHAMBHA PUB. NEW DELHI
_c
2014
300
_a
102
942
_2
ddc
_c
BK
999
_c
7752
_d
7752